| 000 | 00530nam a2200205Ia 4500 | ||
|---|---|---|---|
| 003 | OSt | ||
| 005 | 20240106101037.0 | ||
| 008 | 210210b2003 xxu||||| |||| 00| 0 eng d | ||
| 020 | _a81 88646 00 8 | ||
| 040 | _cAL | ||
| 082 | _a541.3 PURP | ||
| 100 |
_aPURI (B R) and Others. _9147482 |
||
| 245 | _aPrinciples of Physical Chemistry | ||
| 250 | _a.Millennium Ed. | ||
| 260 |
_aJalandhar _bVishal Publishing Co., _c2003 |
||
| 300 | _aviii,1076 | ||
| 690 |
_aPhysical Chemistry _9147483 |
||
| 906 | _a058984 | ||
| 942 |
_2ddc _cBK |
||
| 999 |
_c106184 _d106184 |
||